| 000 | 00412nam a22001217a 4500 | ||
|---|---|---|---|
| 082 | _a200 THE | ||
| 100 |
_aUMAIR ALI RANA _915384 |
||
| 245 | _aTH-SOF-1396-DEVELOPMENT OF DESIGN METHODOLOGY FOR BIOMIMETIC ADAPTIVE INFILLS FOR ADDITIVE MANUFACTURING | ||
| 260 |
_aIslamabad _bNUST College of EME _c2017 |
||
| 650 |
_aMS-MECH-84 MSTHESIS _969774 |
||
| 700 |
_aSUPERVISOR DR. SAJID ULLAH BUTT _969661 |
||
| 942 | _cCF | ||
| 999 |
_c577084 _d577084 |
||